[Event "Bronshojmesterskabet Gruppe 1 2013"]
[Site "Bronshoj"]
[Date "2013.02.28"]
[Round "1"]
[White "Bruun, Henrik Emil"]
[Black "Carstensen, Jacob"]
[Result "0-1"]
[WhiteElo "2026"]
[BlackElo "2380"]
[PlyCount "78"]
[EventDate "2013.??.??"]
[EventCountry "DEN"]


1. e4 c5 2. Nf3 d6 3. d4 cxd4 4. Nxd4 Nf6 5. Nc3 a6 6. f3 e5 7. Nb3 Be6 8. Be3
Nbd7 9. g4 Nb6 10. g5 Nh5 11. Qd2 Rc8 12. O-O-O Be7 13. Kb1 O-O 14. Rg1 Nc4 15.
Bxc4 Bxc4 16. Nd5 Bxd5 17. Qxd5 Qc7 18. Rd2 b5 19. Nc1 a5 20. Ne2 g6 21. Ng3
Ng7 22. h4 a4 23. h5 Qc4 24. hxg6 hxg6 25. f4 exf4 26. Bxf4 Ne6 27. Be3 Rfe8
28. Rh1 Bf8 29. Bd4 Nxd4 30. Qxd4 Bg7 31. Qxc4 bxc4 32. Re2 Rc5 33. Nf1 c3 34.
b4 axb3 35. cxb3 Rxe4 36. Ne3 Bd4 37. Rhe1 Rce5 38. Kc2 Rxe3 39. Rxe3 Rxe3 0-1

[Event "Bronshojmesterskabet Gruppe 1 2013"]
[Site "Bronshoj"]
[Date "2013.02.28"]
[Round "1"]
[White "Greger, Roland Reinhard"]
[Black "Skjoldager, Mikael"]
[Result "0-1"]
[WhiteElo "2344"]
[BlackElo "2064"]
[PlyCount "48"]
[EventDate "2013.??.??"]
[EventCountry "DEN"]


1. e4 e5 2. Nf3 Nc6 3. d4 exd4 4. Nxd4 Nf6 5. Nxc6 bxc6 6. e5 Qe7 7. Qe2 Nd5 8.
c4 Nb6 9. Nc3 Qe6 10. Bd2 g6 11. f4 Bg7 12. Ne4 O-O 13. O-O-O Rb8 14. Bb4 d6
15. exd6 Na4 16. Bc3 Nxc3 17. bxc3 Qf5 18. g3 cxd6 19. Rxd6 Qa5 20. Rd2 Bf5 21.
Bg2 Bxe4 22. Bxe4 Qxc3+ 23. Rc2 Rb1+ 24. Kxb1 Qa1# 0-1

[Event "Bronshojmesterskabet Gruppe 1 2013"]
[Site "Bronshoj"]
[Date "2013.02.28"]
[Round "1"]
[White "Kirknel, Thomas"]
[Black "Brinck Claussen, Bjorn"]
[Result "0-1"]
[WhiteElo "2098"]
[BlackElo "2218"]
[PlyCount "56"]
[EventDate "2013.??.??"]
[EventCountry "DEN"]


1. e4 e5 2. Nf3 Nc6 3. Bb5 a6 4. Ba4 Nf6 5. O-O Be7 6. Nc3 b5 7. Bb3 d6 8. d3
Na5 9. h3 O-O 10. Be3 Bb7 11. Ne2 c5 12. Bxf7+ Rxf7 13. Ng5 Rf8 14. Ne6 Qd7 15.
Nxf8 Rxf8 16. f4 exf4 17. Nxf4 Nc6 18. a4 d5 19. axb5 axb5 20. Nxd5 Nxd5 21.
exd5 Qxd5 22. Qe2 Nd4 23. Rxf8+ Bxf8 24. Qf2 Nf5 25. Rf1 Bd6 26. Bd2 Nh4 27. c4
bxc4 28. dxc4 Qxg2+ 0-1

[Event "Bronshojmesterskabet Gruppe 1 2013"]
[Site "Bronshoj"]
[Date "2013.02.28"]
[Round "1"]
[White "Vovk, Oksana"]
[Black "Skjoldager, Per"]
[Result "1-0"]
[WhiteElo "2117"]
[BlackElo "2104"]
[PlyCount "63"]
[EventDate "2013.??.??"]
[EventCountry "DEN"]


1. d4 Nf6 2. c4 e6 3. Nf3 b6 4. a3 Bb7 5. Nc3 d5 6. cxd5 exd5 7. Bf4 c6 8. e3
Nbd7 9. Be2 Be7 10. h3 O-O 11. O-O Ne4 12. Rc1 Nxc3 13. Rxc3 Bf6 14. b4 Qe7 15.
Qb3 Rfc8 16. Rfc1 Nf8 17. Bf1 Ne6 18. Bg3 c5 19. bxc5 bxc5 20. Rb1 Bc6 21. Ba6
Rd8 22. Rcc1 c4 23. Qb4 Qxb4 24. axb4 Rd7 25. Ne5 Bxe5 26. Bxe5 f6 27. Bg3 Rad8
28. Ra1 Nc7 29. Bxc4 dxc4 30. Rxc4 Rd6 31. Bxd6 Rxd6 32. Rac1 1-0

[Event "Bronshojmesterskabet Gruppe 1 2013"]
[Site "Bronshoj"]
[Date "2013.04.18"]
[Round "1"]
[White "Eriksson, Christian Altenburg"]
[Black "Dalsberg, Sandra de Blecourt"]
[Result "1/2-1/2"]
[WhiteElo "2129"]
[BlackElo "2039"]
[PlyCount "57"]
[EventDate "2013.??.??"]
[EventCountry "DEN"]


1. e4 e6 2. d4 d5 3. e5 c5 4. c3 Nc6 5. Nf3 Bd7 6. Be2 Nge7 7. O-O Ng6 8. g3
Be7 9. h4 O-O 10. h5 Nh8 11. h6 g6 12. dxc5 Bxc5 13. c4 d4 14. Nbd2 f6 15. Ne4
Be7 16. exf6 Bxf6 17. c5 Nf7 18. Rb1 Nfe5 19. Nfg5 d3 20. Bxd3 Nd4 21. Nxf6+
Qxf6 22. f4 Nxd3 23. Qxd3 Bb5 24. Qe3 Bxf1 25. Ne4 Qd8 26. Nd6 Qf6 27. Ne4 Qd8
28. Nd6 Qf6 29. Ne4 1/2-1/2

[Event "Bronshojmesterskabet Gruppe 1 2013"]
[Site "Bronshoj"]
[Date "2013.03.07"]
[Round "2"]
[White "Carstensen, Jacob"]
[Black "Dalsberg, Sandra de Blecourt"]
[Result "0-1"]
[WhiteElo "2380"]
[BlackElo "2039"]
[PlyCount "52"]
[EventDate "2013.??.??"]
[EventCountry "DEN"]


1. d4 d5 2. c4 c6 3. Nf3 Nf6 4. Nc3 dxc4 5. a4 Bf5 6. Ne5 Nbd7 7. Nxc4 Nb6 8.
Ne5 e6 9. f3 Nfd7 10. e4 Nxe5 11. exf5 Qh4+ 12. Ke2 Rd8 13. fxe6 Rxd4 14. exf7+
Kxf7 15. Qb3+ Nec4 16. Be3 Bc5 17. g3 Qe7 18. Nd1 Re8 19. Kf2 Rd2+ 20. Ke1 Bxe3
21. Bxc4+ Nxc4 22. Qxc4+ Kf8 23. Nc3 Rxb2 24. Ne4 Qd7 25. Rf1 Rxh2 26. Rd1 Bd2+
0-1

[Event "Bronshojmesterskabet Gruppe 1 2013"]
[Site "Bronshoj"]
[Date "2013.03.07"]
[Round "2"]
[White "Skjoldager, Per"]
[Black "Eriksson, Christian Altenburg"]
[Result "1-0"]
[WhiteElo "2104"]
[BlackElo "2129"]
[PlyCount "61"]
[EventDate "2013.??.??"]
[EventCountry "DEN"]


1. e4 c5 2. c3 g6 3. Nf3 Bg7 4. d4 cxd4 5. cxd4 d5 6. e5 Nc6 7. Nc3 Bg4 8. Be2
Nh6 9. h3 Bxf3 10. Bxf3 Nf5 11. Be3 e6 12. Qd2 O-O 13. O-O f6 14. exf6 Bxf6 15.
Ne2 Qb6 16. Rad1 Rad8 17. Bg4 Rfe8 18. Rfe1 Nd6 19. Nf4 Ne4 20. Qd3 Nb4 21. Qb3
Kf7 22. f3 Ng3 23. Bxe6+ Kg7 24. Bf2 g5 25. Nxd5 Nxd5 26. Bxd5 Qd6 27. Qxb7+
Kh6 28. Rxe8 Rxe8 29. Qc6 Rd8 30. Bxg3 Bxd4+ 31. Kh1 1-0

[Event "Bronshojmesterskabet Gruppe 1 2013"]
[Site "Bronshoj"]
[Date "2013.03.21"]
[Round "2"]
[White "Brinck Claussen, Bjorn"]
[Black "Vovk, Oksana"]
[Result "1-0"]
[WhiteElo "2218"]
[BlackElo "2117"]
[PlyCount "91"]
[EventDate "2013.??.??"]
[EventCountry "DEN"]


1. c4 e5 2. Nc3 Nf6 3. Nf3 Nc6 4. g3 d5 5. cxd5 Nxd5 6. Bg2 Nb6 7. O-O Be7 8.
a3 a5 9. d3 O-O 10. Be3 Be6 11. Na4 e4 12. Ne1 exd3 13. Nxd3 Rb8 14. Nxb6 cxb6
15. Qa4 Bf6 16. Nf4 Bxb2 17. Nxe6 fxe6 18. Rab1 Qf6 19. Bxb6 Qc3 20. Bh3 Qxa3
21. Bxe6+ Kh8 22. Qg4 Rbe8 23. Bd5 Bf6 24. Rfd1 Bd8 25. Bxc6 bxc6 26. Bxd8 Rxd8
27. Rxd8 Rxd8 28. Qd7 Rf8 29. Qxc6 Qa2 30. Qe4 a4 31. Rb7 Qa1+ 32. Kg2 a3 33.
Rf7 Rg8 34. Ra7 h6 35. Qd3 a2 36. Qd2 Qb1 37. Qxa2 Qe4+ 38. f3 Qc6 39. Qb2 Qc5
40. Rb7 Qe3 41. h4 Qc5 42. Rb5 Qc4 43. Qe5 Qc6 44. Rc5 Qb6 45. h5 Qb1 46. Rc7
1-0

[Event "Bronshojmesterskabet Gruppe 1 2013"]
[Site "Bronshoj"]
[Date "2013.03.07"]
[Round "2"]
[White "Skjoldager, Mikael"]
[Black "Kirknel, Thomas"]
[Result "0-1"]
[WhiteElo "2064"]
[BlackElo "2098"]
[PlyCount "124"]
[EventDate "2013.??.??"]
[EventCountry "DEN"]


1. d4 Nf6 2. c4 e6 3. g3 d5 4. Nf3 Be7 5. Bg2 O-O 6. O-O Re8 7. Nbd2 Nbd7 8.
Qc2 c6 9. Rd1 h6 10. b3 b6 11. e4 dxe4 12. Nxe4 Nxe4 13. Qxe4 Bb7 14. Bb2 Qc7
15. Qe1 Rad8 16. b4 Bf6 17. Rac1 c5 18. bxc5 bxc5 19. Bc3 Nb6 20. dxc5 Qxc5 21.
Bxf6 gxf6 22. Rxd8 Rxd8 23. Qc3 Kg7 24. Nd2 Bxg2 25. Kxg2 Na4 26. Qc2 Qc6+ 27.
Kg1 Nc5 28. Nb3 Nd3 29. Rd1 Nb4 30. Qe2 Rxd1+ 31. Qxd1 Qxc4 32. Qf3 Nxa2 33.
Na5 Qd5 34. Qg4+ Qg5 35. Qa4 Nc3 36. Qb4 Qd2 37. Qg4+ Kh7 38. Nc6 Ne2+ 39. Kg2
Qd5+ 40. Qf3 a6 41. Qxd5 exd5 42. Nb4 a5 43. Nxd5 a4 44. Kf3 a3 45. Nb4 Nc1 46.
Nc2 a2 47. Na1 Nd3 48. Ke3 Ne5 49. h3 Kg6 50. Ke4 h5 51. Kf4 Nc6 52. Nc2 f5 53.
Na1 Kf6 54. Nc2 Nb4 55. Na1 Nd5+ 56. Kf3 Ke5 57. Nc2 Nb4 58. Na1 Kd4 59. Kf4
Kc3 60. Kxf5 Kb2 61. g4 Kxa1 62. gxh5 Kb1 0-1

[Event "Bronshojmesterskabet Gruppe 1 2013"]
[Site "Bronshoj"]
[Date "2013.03.07"]
[Round "2"]
[White "Bruun, Henrik Emil"]
[Black "Greger, Roland Reinhard"]
[Result "0-1"]
[WhiteElo "2026"]
[BlackElo "2344"]
[PlyCount "88"]
[EventDate "2013.??.??"]
[EventCountry "DEN"]


1. e4 e6 2. d4 d5 3. e5 c5 4. c3 Nc6 5. Nf3 Qb6 6. a3 Bd7 7. b4 cxd4 8. cxd4
Rc8 9. Be3 Nh6 10. Bd3 Ng4 11. O-O f6 12. Ng5 Nxe3 13. Qh5+ g6 14. Bxg6+ hxg6
15. Qxg6+ Kd8 16. Nf7+ Kc7 17. fxe3 fxe5 18. Nxh8 exd4 19. Nf7 dxe3 20. Nc3 Kb8
21. Qg3+ Ka8 22. Nd6 Rd8 23. Nf7 Rb8 24. Kh1 d4 25. Ne4 Ne7 26. Ne5 Bb5 27. Nc5
Nf5 28. Rxf5 exf5 29. Ned7 Bxd7 30. Nxd7 Qd6 31. Qxd6 Bxd6 32. Nxb8 Kxb8 33. g3
d3 34. Kg2 Be5 35. Rb1 e2 36. Kf2 Bd4+ 37. Ke1 Bc3+ 38. Kf2 Bd2 39. h4 Kc7 40.
h5 Kb6 41. Rh1 Bh6 42. Ke1 Kb5 43. Rh4 Bg7 44. Kd2 Bc3+ 0-1

[Event "Bronshojmesterskabet Gruppe 1 2013"]
[Site "Bronshoj"]
[Date "2013.03.18"]
[Round "3"]
[White "Greger, Roland Reinhard"]
[Black "Carstensen, Jacob"]
[Result "0-1"]
[WhiteElo "2344"]
[BlackElo "2380"]
[PlyCount "86"]
[EventDate "2013.??.??"]
[EventCountry "DEN"]


1. e4 c5 2. Nf3 d6 3. d4 cxd4 4. Nxd4 Nf6 5. Nc3 a6 6. f4 e5 7. Nf3 Nbd7 8. a4
Be7 9. Bd3 O-O 10. O-O Nc5 11. Kh1 exf4 12. Bxf4 Bg4 13. h3 Bh5 14. Qd2 Bg6 15.
Rae1 Re8 16. Bc4 Rc8 17. e5 dxe5 18. Qxd8 Bxd8 19. Nxe5 Ba5 20. Nxg6 hxg6 21.
Rxe8+ Rxe8 22. Nd5 Nxa4 23. Bg5 Ne4 24. Rxf7 Nxg5 25. Rxb7 Kh8 26. b4 Bd8 27.
Bxa6 Bf6 28. Bd3 Re1+ 29. Kh2 Be5+ 30. g3 Nb2 31. h4 Nxd3 32. hxg5 Re2+ 33. Kh3
Rxc2 34. Ne7 Kh7 35. Rb6 Nf2+ 36. Kg2 Ne4+ 37. Kf3 Nxg5+ 38. Kg4 Bf6 39. Nd5
Rc4+ 40. Nf4 Ne4 41. Kf3 Nxg3 42. Nd5 Nf5 43. b5 Rc5 0-1

[Event "Bronshojmesterskabet Gruppe 1 2013"]
[Site "Bronshoj"]
[Date "2013.03.14"]
[Round "3"]
[White "Kirknel, Thomas"]
[Black "Bruun, Henrik Emil"]
[Result "1/2-1/2"]
[WhiteElo "2098"]
[BlackElo "2026"]
[PlyCount "36"]
[EventDate "2013.??.??"]
[EventCountry "DEN"]


1. e4 d6 2. d4 Nf6 3. Nc3 g6 4. Nf3 Bg7 5. Be2 O-O 6. O-O c6 7. h3 Nbd7 8. a4
a5 9. Be3 Re8 10. Bc4 Nb6 11. Bb3 d5 12. e5 Nfd7 13. e6 fxe6 14. Ng5 Nf6 15.
Qd2 Rf8 16. Rae1 h6 17. Nf3 Kh7 18. Qd3 Qe8 1/2-1/2

[Event "Bronshojmesterskabet Gruppe 1 2013"]
[Site "Bronshoj"]
[Date "2013.03.14"]
[Round "3"]
[White "Vovk, Oksana"]
[Black "Skjoldager, Mikael"]
[Result "1-0"]
[WhiteElo "2117"]
[BlackElo "2064"]
[PlyCount "65"]
[EventDate "2013.??.??"]
[EventCountry "DEN"]


1. c4 Nf6 2. Nc3 e5 3. g3 Bb4 4. Bg2 O-O 5. e3 d6 6. Nge2 Bf5 7. Bxb7 Nbd7 8.
Bg2 Nc5 9. O-O Bxc3 10. dxc3 Rb8 11. b3 Qd7 12. Ba3 Nce4 13. f3 Ng5 14. g4 Nxg4
15. fxg4 Bxg4 16. Qc2 f5 17. c5 Rf6 18. cxd6 cxd6 19. c4 Rbf8 20. Bb2 Rg6 21.
Kh1 h5 22. c5 h4 23. c6 Qc8 24. Rac1 h3 25. Bd5+ Kh8 26. Ng3 e4 27. c7 f4 28.
exf4 Bf3+ 29. Rxf3 Nxf3 30. Qxe4 Nh4 31. f5 Nxf5 32. Nxf5 Rxf5 33. Qh4+ 1-0

[Event "Bronshojmesterskabet Gruppe 1 2013"]
[Site "Bronshoj"]
[Date "2013.03.14"]
[Round "3"]
[White "Eriksson, Christian Altenburg"]
[Black "Brinck Claussen, Bjorn"]
[Result "0-1"]
[WhiteElo "2129"]
[BlackElo "2218"]
[PlyCount "78"]
[EventDate "2013.??.??"]
[EventCountry "DEN"]


1. e4 c5 2. c3 d5 3. exd5 Qxd5 4. d4 Nc6 5. Nf3 Bf5 6. Be3 Nf6 7. c4 Qd6 8. d5
Nb4 9. Na3 g6 10. Be2 Bg7 11. O-O a6 12. g3 Nd7 13. Bc1 O-O 14. Nh4 Bh3 15. Ng2
Bd4 16. Nc2 Nxc2 17. Qxc2 Qf6 18. Be3 Bxe3 19. fxe3 Qe5 20. Rae1 Nf6 21. Bf3
Rab8 22. a4 b5 23. cxb5 axb5 24. a5 c4 25. Qc3 Nd7 26. Qd4 Qd6 27. Rf2 Bxg2 28.
Bxg2 Ra8 29. Ra1 Ra6 30. Qc3 Ne5 31. Rd2 b4 32. Qd4 Rfa8 33. h4 Rxa5 34. Rxa5
Rxa5 35. h5 gxh5 36. Rd1 Ng4 37. Qxc4 Nxe3 38. Qc8+ Kg7 39. Rb1 Qxg3 0-1

[Event "Bronshojmesterskabet Gruppe 1 2013"]
[Site "Bronshoj"]
[Date "2013.03.14"]
[Round "3"]
[White "Dalsberg, Sandra de Blecourt"]
[Black "Skjoldager, Per"]
[Result "1/2-1/2"]
[WhiteElo "2039"]
[BlackElo "2104"]
[PlyCount "84"]
[EventDate "2013.??.??"]
[EventCountry "DEN"]


1. d4 Nf6 2. c4 e6 3. Nc3 d5 4. cxd5 exd5 5. Bg5 Be7 6. Qc2 c6 7. e3 h6 8. Bh4
Ne4 9. Bxe7 Qxe7 10. Nxd5 cxd5 11. Qxc8+ Qd8 12. Qxd8+ Kxd8 13. Bd3 Nd6 14. Nf3
Nc6 15. O-O Kd7 16. Rac1 Rac8 17. Ne5+ Ke6 18. Nxc6 bxc6 19. Rc2 Rc7 20. Rfc1
Kd7 21. Kf1 Rb8 22. b3 Rb6 23. g4 Ke6 24. Kg2 g6 25. Kf3 Nc8 26. Rc5 Ne7 27.
R1c3 Rd7 28. a3 Rb8 29. b4 f5 30. Rc1 Rf8 31. gxf5+ gxf5 32. Rg1 Kf6 33. Rcc1
Rdd8 34. Rg3 Rf7 35. Rh3 Rh8 36. Ba6 Ke6 37. Rg3 f4 38. Rg4 fxe3+ 39. Kxe3 Rhf8
40. Rg2 Rf3+ 41. Ke2 Rxa3 42. Bd3 Ra2+ 1/2-1/2

[Event "Bronshojmesterskabet Gruppe 1 2013"]
[Site "Bronshoj"]
[Date "2013.03.21"]
[Round "4"]
[White "Carstensen, Jacob"]
[Black "Skjoldager, Per"]
[Result "1-0"]
[WhiteElo "2380"]
[BlackElo "2104"]
[PlyCount "63"]
[EventDate "2013.??.??"]
[EventCountry "DEN"]


1. d4 Nf6 2. c4 e6 3. g3 d5 4. Nf3 b6 5. cxd5 exd5 6. Bg2 Bb7 7. O-O Be7 8. Nc3
O-O 9. Ne5 c6 10. e4 Na6 11. exd5 Nxd5 12. Nxd5 cxd5 13. Be3 Qd6 14. Re1 Nc7
15. Bf4 Qd8 16. Rc1 Ne6 17. Nxf7 Rxf7 18. Rxe6 Bg5 19. Bxg5 Qxg5 20. Re5 Qf6
21. Qe2 Raf8 22. Rc2 Qd6 23. Qb5 a6 24. Qb3 Rd8 25. Rce2 Rc7 26. Qe3 Rcc8 27.
Re7 Bc6 28. Qg5 Qf6 29. Qxf6 gxf6 30. Bh3 Rb8 31. Rc7 Re8 32. Be6+ 1-0

[Event "Bronshojmesterskabet Gruppe 1 2013"]
[Site "Bronshoj"]
[Date "2013.06.04"]
[Round "4"]
[White "Brinck Claussen, Bjorn"]
[Black "Dalsberg, Sandra de Blecourt"]
[Result "1/2-1/2"]
[WhiteElo "2218"]
[BlackElo "2039"]
[PlyCount "33"]
[EventDate "2013.??.??"]
[EventCountry "DEN"]


1. c4 Nf6 2. Nc3 e6 3. d4 d5 4. Bg5 Be7 5. cxd5 exd5 6. e3 c6 7. Bd3 Nbd7 8. h3
O-O 9. Qc2 Re8 10. Nge2 Nf8 11. O-O-O b5 12. Bxf6 Bxf6 13. Nf4 a5 14. Kb1 a4
15. Nh5 Be7 16. e4 b4 17. Ne2 1/2-1/2

[Event "Bronshojmesterskabet Gruppe 1 2013"]
[Site "Bronshoj"]
[Date "2013.04.04"]
[Round "4"]
[White "Bruun, Henrik Emil"]
[Black "Vovk, Oksana"]
[Result "1/2-1/2"]
[WhiteElo "2026"]
[BlackElo "2117"]
[PlyCount "96"]
[EventDate "2013.??.??"]
[EventCountry "DEN"]


1. e4 e6 2. d4 d5 3. e5 c5 4. c3 Nc6 5. Nf3 Qb6 6. a3 c4 7. Nbd2 Na5 8. g3 Bd7
9. h4 f6 10. Bh3 O-O-O 11. O-O Nh6 12. Re1 Nf7 13. Qc2 Be7 14. Rb1 f5 15. b4
cxb3 16. Nxb3 Nxb3 17. Qxb3 Qxb3 18. Rxb3 Ba4 19. Rb2 h6 20. Bf1 g5 21. c4 Bc6
22. c5 gxh4 23. Be3 Rdg8 24. Kh2 hxg3+ 25. fxg3 Ng5 26. Bxg5 hxg5+ 27. Kg1 Rh7
28. Nd2 f4 29. Nb3 Bd8 30. Reb1 fxg3 31. Kg2 g4 32. Kxg3 Bh4+ 33. Kg2 Bd8 34.
Bd3 Rh3 35. Be2 Re3 36. Rf1 Ba4 37. Nc1 Rxa3 38. Nd3 Bc6 39. Rf2 a5 40. Nf4 a4
41. Nxe6 Rb3 42. Rxb3 axb3 43. Nxd8 Kxd8 44. Rf1 Ke7 45. Rb1 Ra8 46. Rxb3 Ra4
47. Bxg4 Rxd4 48. Bc8 Rc4 1/2-1/2

[Event "Bronshojmesterskabet Gruppe 1 2013"]
[Site "Bronshoj"]
[Date "2013.05.06"]
[Round "5"]
[White "Kirknel, Thomas"]
[Black "Carstensen, Jacob"]
[Result "0-1"]
[WhiteElo "2098"]
[BlackElo "2380"]
[PlyCount "50"]
[EventDate "2013.??.??"]
[EventCountry "DEN"]


1. e4 c5 2. c4 Nc6 3. Nc3 g6 4. d3 Bg7 5. Be2 d6 6. Nf3 a6 7. O-O Bg4 8. Ne1
Bxe2 9. Nxe2 b5 10. Rb1 Nf6 11. b3 O-O 12. Nf3 Rb8 13. Bf4 bxc4 14. dxc4 Qa5
15. e5 dxe5 16. Nxe5 Nxe5 17. Bxe5 Rbd8 18. Qe1 Qxa2 19. Nc3 Qc2 20. Na4 Ne4
21. Rb2 Qd3 22. Bxg7 Kxg7 23. f3 Nd2 24. Nxc5 Qd4+ 25. Rf2 Qxb2 0-1

[Event "Bronshojmesterskabet Gruppe 1 2013"]
[Site "Bronshoj"]
[Date "2013.05.23"]
[Round "5"]
[White "Vovk, Oksana"]
[Black "Greger, Roland Reinhard"]
[Result "1-0"]
[WhiteElo "2117"]
[BlackElo "2344"]
[PlyCount "109"]
[EventDate "2013.??.??"]
[EventCountry "DEN"]


1. d4 Nf6 2. Nf3 c5 3. d5 d6 4. c4 g6 5. Nc3 Bg7 6. e4 O-O 7. Be2 e6 8. dxe6
Bxe6 9. Bf4 Nc6 10. Bxd6 Re8 11. O-O Qa5 12. Qc2 Rad8 13. Rad1 a6 14. Bf4 Nd4
15. Nxd4 cxd4 16. Nd5 Bxd5 17. exd5 Rc8 18. d6 Re4 19. Bg3 Qb6 20. Bf3 Re6 21.
Qb3 Qxb3 22. axb3 Ne4 23. Bxe4 Rxe4 24. Rfe1 Rxe1+ 25. Rxe1 Bf8 26. Re4 Rd8 27.
Rxd4 Rd7 28. c5 f5 29. Be5 Kf7 30. f4 Ke6 31. Kf2 g5 32. g3 h5 33. Ke3 Rh7 34.
fxg5 Kxe5 35. d7 Be7 36. d8=Q Bxd8 37. Rxd8 h4 38. b4 hxg3 39. hxg3 Rh1 40. g6
Kf6 41. Rd6+ Kg7 42. Kf4 Kh6 43. Kxf5 Rf1+ 44. Kg4 Rc1 45. Rb6 a5 46. bxa5 Rc4+
47. Kf3 Rxc5 48. b4 Rc7 49. Kf4 Rd7 50. Kf5 Rc7 51. g4 Rd7 52. g5+ Kh5 53. g7
Rf7+ 54. Rf6 Rxg7 55. Rh6# 1-0

[Event "Bronshojmesterskabet Gruppe 1 2013"]
[Site "Bronshoj"]
[Date "2013.05.23"]
[Round "5"]
[White "Eriksson, Christian Altenburg"]
[Black "Bruun, Henrik Emil"]
[Result "1-0"]
[WhiteElo "2129"]
[BlackElo "2026"]
[PlyCount "79"]
[EventDate "2013.??.??"]
[EventCountry "DEN"]


1. e4 d6 2. d4 Nf6 3. Nc3 g6 4. Nf3 Bg7 5. Be2 O-O 6. O-O c5 7. dxc5 dxc5 8.
Be3 Qa5 9. Qc1 Nc6 10. Bh6 Rd8 11. Bxg7 Kxg7 12. Bd3 Bg4 13. Nd2 Nd4 14. Nb3
Qc7 15. Nxd4 cxd4 16. Nb5 Qc5 17. Na3 e5 18. Qg5 h6 19. Qd2 Be6 20. Kh1 Rac8
21. f4 a6 22. Qe2 b5 23. Rae1 exf4 24. Rxf4 Qe5 25. Ref1 Nd7 26. Qf2 f6 27. Nb1
Bxa2 28. Nd2 Bc4 29. Qg3 g5 30. Bxc4 bxc4 31. Rxf6 Qxg3 32. Rf7+ Kg6 33. hxg3
Rc6 34. Re7 Nf6 35. Nxc4 Rxc4 36. Re6 Rxc2 37. Rfxf6+ Kh5 38. Rxh6+ Kg4 39. Kh2
Rxb2 40. Reg6 1-0

[Event "Bronshojmesterskabet Gruppe 1 2013"]
[Site "Bronshoj"]
[Date "2013.05.23"]
[Round "5"]
[White "Dalsberg, Sandra de Blecourt"]
[Black "Skjoldager, Mikael"]
[Result "1-0"]
[WhiteElo "2039"]
[BlackElo "2064"]
[PlyCount "67"]
[EventDate "2013.??.??"]
[EventCountry "DEN"]


1. d4 Nf6 2. c4 e6 3. Nc3 Bb4 4. e3 c5 5. Nge2 O-O 6. a3 Bxc3+ 7. Nxc3 d5 8.
dxc5 b6 9. cxd5 exd5 10. cxb6 axb6 11. Bb5 Bb7 12. O-O Qe7 13. Qd4 Na6 14. Qxb6
Nc5 15. b4 Ne6 16. Bc6 Rfb8 17. Bxb7 Rxb7 18. Qc6 Rd8 19. Nb5 Rbb8 20. Nd4 Rdc8
21. Nf5 Qa7 22. Qd6 Rc7 23. Bb2 Rd8 24. Qe5 Rc4 25. Rac1 Re4 26. Qc3 d4 27.
exd4 Nf4 28. Ng3 Rexd4 29. Qf3 Nd3 30. Bxd4 Qxd4 31. Nf5 Qe5 32. Rcd1 Qb5 33.
a4 Qc4 34. Nd6 1-0

[Event "Bronshojmesterskabet Gruppe 1 2013"]
[Site "Bronshoj"]
[Date "2013.04.25"]
[Round "5"]
[White "Skjoldager, Per"]
[Black "Brinck Claussen, Bjorn"]
[Result "0-1"]
[WhiteElo "2104"]
[BlackElo "2218"]
[PlyCount "64"]
[EventDate "2013.??.??"]
[EventCountry "DEN"]


1. e4 c5 2. c3 Nf6 3. e5 Nd5 4. d4 cxd4 5. cxd4 e6 6. Nf3 d6 7. a3 Bd7 8. Bd3
Bc6 9. O-O Nd7 10. b4 a6 11. Re1 Rc8 12. Ra2 N7b6 13. Rc2 Ba4 14. Rxc8 Qxc8 15.
Qe2 Be7 16. Bd2 Qd7 17. Rc1 Bb5 18. Nc3 Nxc3 19. Rxc3 Bxd3 20. Qxd3 Nd5 21. Rc1
h6 22. Qe4 O-O 23. Qg4 Kh7 24. Qh5 dxe5 25. dxe5 Qb5 26. g4 Kg8 27. g5 hxg5 28.
Bxg5 Bxg5 29. Nxg5 Qd3 30. h4 Nf4 31. Rd1 Qf5 32. Rd4 Nxh5 0-1

[Event "Bronshojmesterskabet Gruppe 1 2013"]
[Site "Bronshoj"]
[Date "2013.05.02"]
[Round "6"]
[White "Carstensen, Jacob"]
[Black "Brinck Claussen, Bjorn"]
[Result "1/2-1/2"]
[WhiteElo "2380"]
[BlackElo "2218"]
[PlyCount "83"]
[EventDate "2013.??.??"]
[EventCountry "DEN"]


1. d4 d5 2. c4 c6 3. Nf3 Nf6 4. Nc3 e6 5. Bg5 h6 6. Bh4 g5 7. Bg3 dxc4 8. e4 b5
9. Ne5 Bb7 10. Be2 a6 11. O-O Bg7 12. Nxf7 Kxf7 13. e5 Nd5 14. Ne4 Bc8 15. Bh5+
Kg8 16. Nd6 Ra7 17. Qf3 Rh7 18. Bf7+ Kh8 19. Bg6 Bf8 20. Bxh7 Kxh7 21. Qe4+ Kg7
22. Nxc8 Qxc8 23. f4 Rf7 24. fxg5 Rxf1+ 25. Rxf1 hxg5 26. Qg4 Be7 27. Qh5 Qg8
28. h4 Ne3 29. Rf6 Bxf6 30. exf6+ Kxf6 31. hxg5+ Ke7 32. g6 Nf5 33. Qh7+ Kf8
34. Be5 Nd7 35. Qxd7 Qxg6 36. Qxc6 Qh6 37. Bd6+ Nxd6 38. Qxd6+ Kf7 39. Qc7+ Kg6
40. Qe5 Qc1+ 41. Kh2 Qh6+ 42. Kg1 1/2-1/2

[Event "Bronshojmesterskabet Gruppe 1 2013"]
[Site "Bronshoj"]
[Date "2013.05.02"]
[Round "6"]
[White "Bruun, Henrik Emil"]
[Black "Dalsberg, Sandra de Blecourt"]
[Result "1-0"]
[WhiteElo "2026"]
[BlackElo "2039"]
[PlyCount "65"]
[EventDate "2013.??.??"]
[EventCountry "DEN"]


1. e4 e6 2. d4 d5 3. e5 c5 4. c3 Nc6 5. Nf3 Bd7 6. Be3 cxd4 7. cxd4 Nh6 8. Bd3
Ng4 9. O-O Be7 10. Nc3 a6 11. a3 Rc8 12. Rc1 Na5 13. Nd2 f5 14. exf6 Nxf6 15.
b4 Nc4 16. Nxc4 dxc4 17. Be2 b5 18. d5 exd5 19. Nxd5 Nxd5 20. Qxd5 Bc6 21. Qe6
Bd5 22. Qe5 Bf7 23. Bg4 Qc7 24. Qxg7 Rg8 25. Qd4 Rd8 26. Qe4 h5 27. Bf3 Qd6 28.
Bc5 Bg6 29. Bxh5 Qf6 30. Bxg6+ Rxg6 31. Bxe7 Rd4 32. Bxf6+ Rxe4 33. Rfe1 1-0

[Event "Bronshojmesterskabet Gruppe 1 2013"]
[Site "Bronshoj"]
[Date "2013.05.02"]
[Round "6"]
[White "Greger, Roland Reinhard"]
[Black "Eriksson, Christian Altenburg"]
[Result "1/2-1/2"]
[WhiteElo "2344"]
[BlackElo "2129"]
[PlyCount "96"]
[EventDate "2013.??.??"]
[EventCountry "DEN"]


1. e4 c5 2. Nf3 Nc6 3. Nc3 e5 4. Bc4 Be7 5. O-O d6 6. d3 Nf6 7. Bg5 O-O 8. a3
Be6 9. Bxf6 Bxf6 10. Nd5 Rb8 11. c3 b5 12. Ba2 a5 13. Nd2 Bg5 14. Re1 Bxd2 15.
Qxd2 Ne7 16. f4 b4 17. axb4 axb4 18. Nxe7+ Qxe7 19. f5 Bxa2 20. Rxa2 bxc3 21.
bxc3 Rfd8 22. c4 Rb4 23. h3 Rdb8 24. Kh2 h6 25. Re3 Qg5 26. Qf2 Rb1 27. f6 g6
28. Ra6 R1b2 29. Qg3 Qxf6 30. Rf3 Qe7 31. h4 h5 32. Qg5 Qxg5 33. hxg5 R2b6 34.
Ra7 R6b7 35. Ra6 Rd7 36. Rf6 Rbd8 37. g4 hxg4 38. Kg3 Kf8 39. Kxg4 Ke7 40. Ra2
Rh8 41. Raf2 Ke8 42. Rf1 Rh2 43. Kg3 Rd2 44. R1f3 Rd1 45. Kg2 Rd2+ 46. Kg3 Re2
47. Kh3 Rd2 48. Rg3 Rd1 1/2-1/2

[Event "Bronshojmesterskabet Gruppe 1 2013"]
[Site "Bronshoj"]
[Date "2013.05.02"]
[Round "6"]
[White "Kirknel, Thomas"]
[Black "Vovk, Oksana"]
[Result "0-1"]
[WhiteElo "2098"]
[BlackElo "2117"]
[PlyCount "90"]
[EventDate "2013.??.??"]
[EventCountry "DEN"]


1. e4 e6 2. d4 d5 3. Nc3 Nf6 4. Bg5 Be7 5. e5 Nfd7 6. Bxe7 Qxe7 7. f4 a6 8. Qg4
f5 9. Qh5+ g6 10. Qh6 c5 11. Nf3 Nc6 12. O-O-O cxd4 13. Nxd4 Nc5 14. Nxc6 bxc6
15. g4 fxg4 16. Be2 a5 17. Bxg4 Ba6 18. h4 O-O-O 19. h5 Rhg8 20. Rd4 gxh5 21.
Qxh5 Rg7 22. f5 exf5 23. Qxf5+ Kb7 24. Rf4 Nd7 25. Be2 Bxe2 26. Nxe2 Qxe5 27.
Qxe5 Nxe5 28. Nd4 Rdg8 29. Rff1 Kb6 30. b3 Ng4 31. Kb2 h6 32. a4 Rg5 33. Ne6
Re5 34. Nf4 Rgg5 35. Nd3 Ref5 36. Re1 Rf6 37. Re8 Nf2 38. Nxf2 Rxf2 39. Rxh6
Rgg2 40. Rb8+ Kc5 41. Kb1 Rxc2 42. Rc8 Kb4 43. Rb8+ Ka3 44. Rh1 Rb2+ 45. Kc1
Ka2 0-1